| 000 | 00000nam 2200000zi 4500 |
| 001 | 9.949572 |
| 003 | CaOODSP |
| 005 | 20250327091128 |
| 006 | m o d f |
| 007 | cr mn||||||||| |
| 008 | 250327t20252025onca ob f000 0 eng d |
| 040 | |aCaOODSP|beng|erda|cCaOODSP |
| 043 | |an-cn--- |
| 086 | 1 |aP29-043-150-2025E-PDF |
| 245 | 00|aDesign, manufacture and use of UN standardized drums, jerricans, boxes, bags, combination packagings, composite packagings and other packagings for the transport of dangerous goods, classes 3, 4, 5, 6.1, 8, and 9. |
| 246 | 14|aDesign, manufacture and use of UN standardized drums, jerricans, boxes, bags, combination packaging, composite packaging and other packagings for the transport of dangerous goods, classes 3, 4, 5, 6.1, 8, and 9 |
| 250 | |a[March 2025 edition]. |
| 264 | 1|aOttawa, Ontario : |bCanadian General Standards Board : |bStandards Council of Canada, |c2025. |
| 264 | 4|c©2025 |
| 300 | |a1 online resource (119 pages) : |billustrations. |
| 336 | |atext|btxt|2rdacontent |
| 337 | |acomputer|bc|2rdamedia |
| 338 | |aonline resource|bcr|2rdacarrier |
| 490 | 1 |aNational standard of Canada ; |vCAN/CGSB-43.150-2025 |
| 500 | |a"Published March 2025." |
| 500 | |a"Experience and excellence"--Cover. |
| 500 | |aSupersedes CAN/CGSB-43.150-2020, Corrigendum no. 1 and incorporates CAN/CGSB-43.126-2019 (R2024). |
| 500 | |aIssued also in French under title: Conception, fabrication et utilisation de fûts, bidons, caisses, sacs, emballages combinés et emballages composites normalisés UN, et autres emballages pour le transport des marchandises dangereuses des classes 3, 4, 5, 6.1, 8 et 9. |
| 504 | |aIncludes bibliographical references. |
| 520 | |a"This standard sets out requirements for designing, manufacturing, and marking UN Standardized drums, jerricans, boxes, bags, combination packaging and composite packaging (UN Standardized small containers) and for selecting and using small containers for the transportation of dangerous goods in Classes 3, 4, 5, 6.1, 8 and 9. This standard also sets out requirements for the reconditioning, remanufacturing and repair of steel and plastic drums"--Scope, page 1. |
| 650 | 0|aHazardous substances|xPackaging|xStandards|zCanada. |
| 650 | 0|aHazardous substances|xTransportation|xStandards|zCanada. |
| 710 | 2 |aCanadian General Standards Board, |eissuing body. |
| 710 | 2 |aStandards Council of Canada, |eissuing body. |
| 775 | 08|tConception, fabrication et utilisation de fûts, bidons, caisses, sacs, emballages combinés et emballages composites normalisés UN, et autres emballages pour le transport des marchandises dangereuses des classes 3, 4, 5, 6.1, 8 et 9.|w(CaOODSP)9.949574 |
| 795 | |tDesign, manufacture and use of UN Standardized drums, jerricans, boxes, bags, combination packaging, composite packaging and other packagings for the transport of dangerous goods, classes 3, 4, 5, 6.1, 8, and 9.|b[Corrigendum No. 1, October 2022 edition]|w(CaOODSP)9.885663 |
| 830 | #0|aNational standard of Canada ;|vno. 43.150-2025.|w(CaOODSP)9.507848 |
| 856 | 40|qPDF|s2.30 MB|uhttps://publications.gc.ca/collections/collection_2025/ongc-cgsb/P29-043-150-2025-eng.pdf |
| 986 | |aICS 55.020 |